[Event "Obro 60 aar"]
[Site "Kobenhavn"]
[Date "1996.10.12"]
[Round "1"]
[White "Overgaard, Christian M"]
[Black "Larsen, Pelle O"]
[Result "1-0"]
[WhiteElo "2270"]
[BlackElo "2000"]
[PlyCount "59"]
[EventDate "1996.10.12"]
[EventCountry "DEN"]
[SourceVersionDate "2022.08.28"]

1. Nf3 d6 2. d4 Bg4 3. g3 Bxf3 4. exf3 Nd7 5. Bh3 Ngf6 6. O-O e6 7. Re1 Be7 8.
b3 h5 9. c4 h4 10. g4 Nh7 11. Nc3 c5 12. d5 e5 13. f4 g5 14. fxe5 Nxe5 15. Ne4
Qc7 16. Be3 b6 17. f4 gxf4 18. Bxf4 O-O-O 19. Bxe5 dxe5 20. Qf3 Bd6 21. Qf5+
Kb8 22. Nxd6 Rxd6 23. Rxe5 Rf6 24. Qe4 Rg6 25. Re8+ Rxe8 26. Qxe8+ Kb7 27. Re1
Nf6 28. Qf8 Rg8 29. Qe7 Nxg4 30. Bg2 1-0

[Event "Obro 60 aar"]
[Site "Kobenhavn"]
[Date "1996.10.12"]
[Round "1"]
[White "Pallesen, Jacob"]
[Black "El Kher, Henrik"]
[Result "0-1"]
[WhiteElo "2000"]
[BlackElo "2200"]
[PlyCount "64"]
[EventDate "1996.10.12"]
[EventCountry "DEN"]
[SourceVersionDate "2022.08.28"]

1. d4 c5 2. d5 Nf6 3. c4 e5 4. Nc3 d6 5. e4 Be7 6. Be2 Nbd7 7. Nf3 Nf8 8.
O-O Ng6 9. Ne1 O-O 10. Nd3 Ne8 11. a3 Bg5 12. b4 b6 13. b5 f5 14. a4 Bxc1 15.
Qxc1 f4 16. f3 Qg5 17. a5 Rb8 18. axb6 axb6 19. Ra7 Rf6 20. g4 h5 21. Nf2 Nh4
22. Kh1 hxg4 23. Nxg4 Bxg4 24. fxg4 Qg6 25. Qd1 Rf7 26. Ra6 Nf6 27. Qd3 Nh7 28.
Qh3 Qh6 29. g5 Nxg5 30. Qg4 f3 31. Bd1 Ng2 32. Bxf3 Ne3 0-1

[Event "Obro 60 aar"]
[Site "Kobenhavn"]
[Date "1996.10.12"]
[Round "1"]
[White "Henrichsen, Jens"]
[Black "Hartvig, Ove Weiss"]
[Result "0-1"]
[WhiteElo "2075"]
[BlackElo "2310"]
[PlyCount "62"]
[EventDate "1996.10.12"]
[EventCountry "DEN"]
[SourceVersionDate "2022.08.28"]

1. d4 Nf6 2. c4 c5 3. d5 b5 4. cxb5 a6 5. f3 axb5 6. e4 Qa5+ 7. Bd2 b4 8. Na3
d6 9. Nc4 Qd8 10. a3 e6 11. dxe6 Bxe6 12. Ne3 Nc6 13. axb4 Nxb4 14. Bb5+ Nd7
15. Bxb4 cxb4 16. Rxa8 Qxa8 17. Ne2 Be7 18. Nd5 Bd8 19. O-O O-O 20. Kh1 Qb7 21.
Nd4 Bxd5 22. exd5 Bf6 23. Bc6 Qb6 24. Nf5 Ne5 25. Qa4 Nd3 26. g3 Nxb2 27. Qb3
Qa6 28. Kg2 Qa3 29. Qc2 b3 30. Qb1 Nc4 31. Rf2 b2 0-1

[Event "Obro 60 aar"]
[Site "Kobenhavn"]
[Date "1996.10.12"]
[Round "1"]
[White "Tonning, Erik"]
[Black "Toldsted, Jorgen"]
[Result "1-0"]
[WhiteElo "2205"]
[BlackElo "2000"]
[PlyCount "69"]
[EventDate "1996.10.12"]
[EventCountry "DEN"]
[SourceVersionDate "2022.08.28"]

1. e4 c6 2. d4 d5 3. e5 Bf5 4. Nc3 e6 5. g4 Bg6 6. Nge2 c5 7. h4 Nc6 8. h5 Be4
9. Rh3 Qb6 10. Na4 Qa5+ 11. c3 h6 12. dxc5 Nxe5 13. Nd4 Nf6 14. b4 Qd8 15. Bb5+
Nfd7 16. Nb2 Rc8 17. Qe2 Nc6 18. Bd3 Nf6 19. f3 Bxd3 20. Nxd3 Nxd4 21. cxd4 Be7
22. Kf2 Nd7 23. Bf4 O-O 24. Rg1 Bh4+ 25. Kf1 Bg5 26. Bh2 a5 27. b5 Bf6 28. Qe3
e5 29. Nxe5 Bxe5 30. Bxe5 Re8 31. g5 hxg5 32. h6 f6 33. hxg7 fxe5 34. Rxg5 exd4
35. Qf4 1-0

[Event "Obro 60 aar"]
[Site "Kobenhavn"]
[Date "1996.10.12"]
[Round "1"]
[White "Fredericia, Louise Winther"]
[Black "Hartung Nielsen, Jens"]
[Result "0-1"]
[WhiteElo "2000"]
[BlackElo "2255"]
[PlyCount "120"]
[EventDate "1996.10.12"]
[EventCountry "DEN"]
[SourceVersionDate "2022.08.28"]

1. e4 c5 2. Nf3 d6 3. d4 cxd4 4. Nxd4 Nf6 5. Nd2 g6 6. Bd3 Bg7 7. O-O O-O 8. c3
Nc6 9. Kh1 d5 10. N4b3 b6 11. exd5 Qxd5 12. Qf3 Be6 13. Qxd5 Bxd5 14. Be2 Ne5
15. Re1 Ne8 16. f4 Nc6 17. Bf3 Bxf3 18. Nxf3 Nd6 19. Nbd2 Rfd8 20. Ne5 Nxe5 21.
fxe5 Nb7 22. Nf3 Nc5 23. Bg5 Rd7 24. Kg1 Rad8 25. Re2 Ne6 26. Be3 Rd5 27. Bd4
Nxd4 28. cxd4 Rc8 29. Rd1 Rc4 30. Red2 e6 31. Kf2 Bh6 32. b3 Rc3 33. Re2 a5 34.
h4 b5 35. Ng5 Bxg5 36. hxg5 b4 37. Re3 Rc7 38. Red3 Kg7 39. g4 h6 40. gxh6+
Kxh6 41. Kg3 Kg5 42. Kf3 Rc8 43. Ke4 Rc2 44. Rf3 Re2+ 45. Kd3 Rexe5 46. Rxf7
Rxd4+ 47. Kxd4 Rd5+ 48. Ke4 Rxd1 49. Ra7 Rd5 50. Ra6 Kf6 51. Ra8 Rc5 52. Kd4
Rg5 53. Ke3 Rxg4 54. Rxa5 g5 55. Ra6 Rh4 56. Kf3 Kf5 57. Ra8 Rh3+ 58. Kg2 Rd3
59. Ra4 Rd4 60. a3 Rd2+ 0-1

[Event "Obro 60 aar"]
[Site "Kobenhavn"]
[Date "1996.10.12"]
[Round "1"]
[White "Olsen, Peter Erik"]
[Black "Spoer, Morten"]
[Result "1/2-1/2"]
[WhiteElo "2240"]
[BlackElo "2000"]
[PlyCount "92"]
[EventDate "1996.10.12"]
[EventCountry "DEN"]
[SourceVersionDate "2022.08.28"]

1. d4 d5 2. c4 e6 3. Nc3 Nf6 4. Bg5 Be7 5. e3 Nbd7 6. Nf3 O-O 7. Qc2 c6 8. cxd5
exd5 9. Bd3 Re8 10. O-O Nf8 11. h3 Ne4 12. Bf4 Nxc3 13. bxc3 Be6 14. Rab1 b5
15. e4 dxe4 16. Bxe4 Bd5 17. Rfe1 a6 18. Ne5 Rc8 19. Bf5 Ra8 20. Bg3 Bd6 21.
Bd3 f6 22. Ng4 Rxe1+ 23. Rxe1 Bxg3 24. fxg3 Qd6 25. Kh2 h5 26. Ne3 h4 27. Nf5
hxg3+ 28. Kg1 Qf4 29. Re3 Qf2+ 30. Qxf2 gxf2+ 31. Kxf2 Bxa2 32. Ne7+ Kf7 33.
Nxc6 Bc4 34. Re7+ Kg8 35. Bxc4+ bxc4 36. Na5 Rb8 37. Rc7 Rb2+ 38. Kf3 Ne6 39.
Nxc4 Ng5+ 40. Ke3 Rxg2 41. d5 Rg3+ 42. Kd4 Rxh3 43. Ne3 Nf3+ 44. Ke4 Nd2+ 45.
Kd4 Nf3+ 46. Ke4 Nd2+ 1/2-1/2

[Event "Obro 60 aar"]
[Site "Kobenhavn"]
[Date "1996.10.12"]
[Round "1"]
[White "Jorgensen, Michael"]
[Black "Larsen, Flemming Bo"]
[Result "1/2-1/2"]
[WhiteElo "2285"]
[BlackElo "2000"]
[PlyCount "84"]
[EventDate "1996.10.12"]
[EventCountry "DEN"]
[SourceVersionDate "2022.08.28"]

1. d4 Nf6 2. c4 e6 3. Nf3 d5 4. Nc3 Be7 5. Bg5 Nbd7 6. e3 O-O 7. Bd3 a6 8. O-O
dxc4 9. Bxc4 b5 10. Bd3 c5 11. Qe2 cxd4 12. exd4 Bb7 13. Rad1 b4 14. Nb1 Qa5
15. Nbd2 Rfe8 16. Bb1 h6 17. Be3 Qh5 18. Bf4 Bf8 19. Rfe1 a5 20. Rc1 g6 21. Bg3
Rac8 22. Rcd1 Qd5 23. Qd3 Bd6 24. Nf1 Bxg3 25. Nxg3 Kg7 26. h3 a4 27. Qd2 Rc4
28. Ne4 Ba8 29. Bd3 Nxe4 30. Bxe4 Qd6 31. Bxa8 Rxa8 32. d5 exd5 33. Qxd5 Qxd5
34. Rxd5 Nf6 35. Rb5 a3 36. bxa3 bxa3 37. Re7 Rc1+ 38. Kh2 Ng8 39. Rd7 Nf6 40.
Re7 Ng8 41. Rd7 Nf6 42. Rdb7 Ne8 1/2-1/2

[Event "Obro 60 aar"]
[Site "Kobenhavn"]
[Date "1996.10.12"]
[Round "1"]
[White "Larsen, Karsten"]
[Black "Malekian, Babak"]
[Result "1/2-1/2"]
[WhiteElo "2000"]
[BlackElo "2275"]
[PlyCount "103"]
[EventDate "1996.10.12"]
[EventCountry "DEN"]
[SourceVersionDate "2022.08.28"]

1. e4 g6 2. d4 c6 3. Nc3 d5 4. Nf3 Bg7 5. h3 Nf6 6. e5 Ne4 7. Bd3 Nxc3 8. bxc3
O-O 9. O-O c5 10. Re1 c4 11. Bf1 Qa5 12. Bd2 Nc6 13. g3 Qa4 14. Bg2 Bf5 15. Rc1
Be4 16. Rxe4 dxe4 17. Ng5 Rac8 18. Bxe4 Nd8 19. h4 Qd7 20. h5 f5 21. exf6 exf6
22. Nxh7 Kxh7 23. Bxg6+ Kg8 24. h6 Qh3 25. hxg7 Kxg7 26. Qh5 Qxh5 27. Bxh5 Rc6
28. Bf3 Ra6 29. Bd5 b5 30. Rb1 Rxa2 31. Rxb5 Rxc2 32. Be3 Rxc3 33. Rc5 Nf7 34.
Rc7 a5 35. Bd2 Rd3 36. Bxa5 Rxd4 37. Bxc4 Kg6 38. Bb4 Nd6 39. Bxd6 Rxd6 40. Be2
Rd2 41. Bf3 Rb8 42. Rc2 Rxc2 43. Be4+ Kg5 44. Bxc2 Kg4 45. Kg2 Rb2 46. Bd1+ Kf5
47. Kf3 Rd2 48. Ba4 Rd3+ 49. Ke2 Ra3 50. Bd7+ Ke4 51. Bc6+ Kd4 52. Bd7 1/2-1/2

[Event "Obro 60 aar"]
[Site "Kobenhavn"]
[Date "1996.10.12"]
[Round "1"]
[White "Olesen, Michael"]
[Black "Nilsson, Lars Kjoller"]
[Result "1-0"]
[WhiteElo "2000"]
[BlackElo "2200"]
[PlyCount "85"]
[EventDate "1996.10.12"]
[EventCountry "DEN"]
[SourceVersionDate "2022.08.28"]

1. e4 c5 2. Nf3 d6 3. d4 cxd4 4. Nxd4
Nf6 5. Nc3 Nc6 6. Be3 Bd7 7. Qd2 a6 8. f3 e6 9. O-O-O Be7 10. g4 O-O 11. h4 Ne5
12. h5 Ne8 13. g5 Rc8 14. Kb1 b5 15. f4 b4 16. Nd5 exd5 17. fxe5 dxe5 18. Nf5
Bxf5 19. exf5 d4 20. Qg2 Qb6 21. Bc1 Qc6 22. Qh2 Bd6 23. Bh3 Rc7 24. g6 e4 25.
Bf4 Bxf4 26. Qxf4 Nf6 27. gxh7+ Kxh7 28. Rdg1 Nd5 29. Qg3 Rg8 30. h6 g6 31.
fxg6+ fxg6 32. Bf5 Qxc2+ 33. Ka1 Rc6 34. Qg5 Rf6 35. Be6 Rf2 36. Bxg8+ Kh8 37.
Qe5+ Nf6 38. Qxd4 Kxg8 39. Rxg6+ Kf7 40. Rg7+ Ke6 41. Rd1 Kf5 42. h7 Rd2 43.
Qxd2 1-0

[Event "Obro 60 aar"]
[Site "Kobenhavn"]
[Date "1996.10.12"]
[Round "1"]
[White "Palm, Nikolaj"]
[Black "Schiodt, Niels Christian"]
[Result "1/2-1/2"]
[WhiteElo "2260"]
[BlackElo "2000"]
[PlyCount "75"]
[EventDate "1996.10.12"]
[EventCountry "DEN"]
[SourceVersionDate "2022.08.28"]

1. d4 d5 2. Nf3 Nf6 3. Bf4 c5 4. e3 Nc6 5. c4 cxd4 6. Nxd4 Nxd4 7. Qxd4 e6 8.
Nc3 Bb4 9. a3 Bxc3+ 10. Qxc3 O-O 11. Bg5 Ne4 12. Bxd8 Nxc3 13. Bh4 Ne4 14. f3
Nf6 15. O-O-O dxc4 16. Bxc4 b6 17. b3 Bb7 18. Rd4 Rac8 19. Kb2 Nd5 20. Bf2 a6
21. e4 Nf4 22. g3 Ng6 23. Rhd1 b5 24. Be2 f5 25. exf5 Rxf5 26. f4 Rd5 27. Bg4
Re8 28. Re1 e5 29. Rxd5 Bxd5 30. Bh5 e4 31. f5 Rf8 32. Be3 Ne5 33. Be2 Rxf5 34.
Rd1 Bb7 35. Rd6 Rf6 36. Rd8+ Rf8 37. Rd6 Rf6 38. Rd8+ 1/2-1/2

[Event "Obro 60 aar"]
[Site "Kobenhavn"]
[Date "1996.10.12"]
[Round "1"]
[White "Ronneland, Daniel"]
[Black "Jakobsen, Ole"]
[Result "1-0"]
[WhiteElo "2190"]
[BlackElo "2400"]
[PlyCount "81"]
[EventDate "1996.10.12"]
[EventCountry "DEN"]
[SourceVersionDate "2022.08.28"]

1. d4 Nf6 2. c4 c5 3. d5 e5 4. Nc3 d6 5. e4 g6 6. Bg5 Bg7 7. f3 h6 8. Be3 Na6
9. Qd2 Nc7 10. a4 a6 11. a5 Bd7 12. Nge2 Rb8 13. Nc1 b5 14. axb6 Rxb6 15. Nd3
Rb8 16. Be2 Nh5 17. O-O f5 18. exf5 gxf5 19. f4 Nxf4 20. Nxf4 exf4 21. Bh5+ Kf8
22. Bxf4 Rb6 23. Kh1 Kg8 24. Na4 Rb4 25. Qc2 Qh4 26. Be2 Bxa4 27. Rxa4 Rxb2 28.
Qd3 Qe7 29. Bd1 Rb8 30. Qg3 Rd8 31. Bc2 Qf6 32. Ra3 Rd7 33. Raf3 Rd8 34. Bd2
Qe5 35. Qh3 Rf8 36. Bc3 Qe2 37. Bxg7 Kxg7 38. Rg3+ Kf7 39. Qxf5+ Ke7 40. Rg7+
Kd8 41. Qd7# 1-0

[Event "Obro 60 aar"]
[Site "Kobenhavn"]
[Date "1996.10.12"]
[Round "1"]
[White "Stojanovski, Sandi"]
[Black "Hansen, Soren Asger"]
[Result "1-0"]
[WhiteElo "2200"]
[BlackElo "2000"]
[PlyCount "51"]
[EventDate "1996.10.12"]
[EventCountry "DEN"]
[SourceVersionDate "2022.08.28"]

1. d4 Nf6 2. Nf3 g6 3. g3 Bg7 4. Bg2 O-O 5. O-O d5 6. c4 e6 7. Nc3 c6 8. Qb3
Nbd7 9. Bf4 Nb6 10. cxd5 exd5 11. Ne5 Nh5 12. Be3 Bxe5 13. dxe5 Nc4 14. Bh6 Re8
15. e4 Na5 16. Qd1 d4 17. Ne2 d3 18. Nc1 Rxe5 19. Nxd3 Re8 20. Qc2 b5 21. Qc3
Bd7 22. Nc5 Nc4 23. Rad1 Nb6 24. Nxd7 Nxd7 25. g4 Nhf6 26. Rxd7 1-0

[Event "Obro 60 aar"]
[Site "Kobenhavn"]
[Date "1996.10.12"]
[Round "1"]
[White "Nilssen, John Arni"]
[Black "Vestergaard, Kenneth"]
[Result "1-0"]
[WhiteElo "2230"]
[BlackElo "2000"]
[PlyCount "51"]
[EventDate "1996.10.12"]
[EventCountry "DEN"]
[SourceVersionDate "2022.08.28"]

1. d4 d5 2. Nf3 Nf6 3. c4 c6 4. Nc3 g6 5. cxd5 Nxd5 6. e4 Nxc3 7. bxc3 Bg7 8.
Bc4 O-O 9. Be3 Nd7 10. O-O Qa5 11. Qb3 h6 12. e5 Nb6 13. Bd3 Bf5 14. Bxf5 gxf5
15. a4 Qd5 16. Qb4 Qd7 17. c4 Rad8 18. a5 Nc8 19. c5 Qc7 20. Rfb1 Rd7 21. Ra3
e6 22. Rab3 Qd8 23. Qd2 Kh7 24. Rxb7 Ne7 25. a6 Ng6 26. Rxd7 1-0

[Event "Obro 60 aar"]
[Site "Kobenhavn"]
[Date "1996.10.12"]
[Round "1"]
[White "Lauritsen, Niels"]
[Black "Larsen, Peder"]
[Result "1/2-1/2"]
[WhiteElo "2295"]
[BlackElo "2050"]
[PlyCount "26"]
[EventDate "1996.10.12"]
[EventCountry "DEN"]
[SourceVersionDate "2022.08.28"]

1. d4 Nf6 2. Nc3 e6 3. e4 d5 4. Bg5 Bb4 5. exd5 exd5 6. Bd3 Nc6 7. Nge2 O-O 8.
O-O Be6 9. Nf4 Bxc3 10. bxc3 Qd6 11. Qf3 Nd7 12. Qg3 f6 13. Rae1 Rae8 1/2-1/2

[Event "Obro 60 aar"]
[Site "Kobenhavn"]
[Date "1996.10.12"]
[Round "1"]
[White "Andersen, Preben"]
[Black "Jorgensen, Brian Jorgen"]
[Result "0-1"]
[WhiteElo "2050"]
[BlackElo "2290"]
[PlyCount "62"]
[EventDate "1996.10.12"]
[EventCountry "DEN"]
[SourceVersionDate "2022.08.28"]

1. e4 c5 2. Nf3 d6 3. Nc3 Nf6 4. d3 g6 5. g3 Bg7 6. Bg2 O-O 7. O-O Nc6 8. h3 e5
9. Be3 Nd4 10. Nh4 Nh5 11. Nd5 Nf4 12. Bxf4 exf4 13. c3 Ne6 14. Nf3 g5 15. Nh2
Nc7 16. Nxc7 Qxc7 17. Qh5 Qe7 18. gxf4 gxf4 19. Kh1 Rb8 20. Bf3 f5 21. Rg1 Kh8
22. Rae1 Qf7 23. Qh4 Bd7 24. exf5 Bxf5 25. Qxf4 Be5 26. Qh4 Bxd3 27. Re3 c4 28.
Ng4 Qf4 29. Qh6 Qxh6 30. Nxh6 Bf4 31. Bd5 Bxh6 0-1

[Event "Obro 60 aar"]
[Site "Kobenhavn"]
[Date "1996.10.12"]
[Round "1"]
[White "Olsen, Heini"]
[Black "Larsen, Peter"]
[Result "0-1"]
[WhiteElo "2315"]
[BlackElo "2085"]
[PlyCount "76"]
[EventDate "1996.10.12"]
[EventCountry "DEN"]
[SourceVersionDate "2022.08.28"]

1. Nf3 Nf6 2. c4 c6 3. d4 d5 4. Nc3 a6 5. Qb3 b6 6. Bg5 Bb7 7. Ne5 e6 8. c5 b5
9. a4 Nbd7 10. f4 Qa5 11. Bxf6 Nxf6 12. e3 Ne4 13. Bd3 f6 14. Bxe4 fxe5 15. Bf3
e4 16. Bg4 Bc8 17. O-O b4 18. Nxe4 dxe4 19. Bxe6 Qc7 20. f5 Be7 21. Rf4 Bxe6
22. Qxe6 Qd7 23. Qxe4 O-O 24. Qd3 Kh8 25. Rc1 a5 26. h4 Bf6 27. Qe4 Rae8 28.
Qf3 Qd5 29. Qxd5 cxd5 30. Kf2 g6 31. g3 gxf5 32. Rxf5 Bxd4 33. Rxf8+ Rxf8+ 34.
Ke2 Bxb2 35. Rd1 Rd8 36. c6 Be5 37. Rc1 b3 38. c7 Rc8 0-1

[Event "Obro 60 aar"]
[Site "Kobenhavn"]
[Date "1996.10.12"]
[Round "1"]
[White "Kirkegaard, Niels"]
[Black "Nilsson, Nils Specht"]
[Result "0-1"]
[WhiteElo "2000"]
[BlackElo "2235"]
[PlyCount "82"]
[EventDate "1996.10.12"]
[EventCountry "DEN"]
[SourceVersionDate "2022.08.28"]

1. e4 c5 2. Nf3 Nc6 3. d4 cxd4 4. Nxd4 g6 5. c4 Bg7 6. Be3 d6 7. Nc3 Nh6 8. Be2
f5 9. exf5 gxf5 10. Bh5+ Kf8 11. O-O Nxd4 12. Bxd4 e5 13. Be3 Be6 14. Qf3 Rc8
15. b3 Qh4 16. Rad1 e4 17. Qe2 Bxc3 18. Bxh6+ Ke7 19. g3 Rhg8 20. Kh1 Qh3 21.
f4 Rxg3 22. Bg5+ Kd7 23. Rg1 Re3 24. Qf2 h6 25. Bxh6 Rh8 26. c5 Rxh6 27. Rxd6+
Ke7 28. Be2 Qxh2+ 29. Qxh2 Rxh2+ 30. Kxh2 Rxe2+ 31. Rg2 Rxg2+ 32. Kxg2 Bb4 33.
Rd1 Bxc5 34. Kg3 a5 35. Rd2 Bb4 36. Rc2 Kd6 37. Rc1 Bd5 38. Rc2 e3 39. Rc1 Bd2
40. Rh1 Be4 41. Rh6+ Kc5 0-1

[Event "Obro 60 aar"]
[Site "Kobenhavn"]
[Date "1996.10.12"]
[Round "1"]
[White "Brinck Claussen, Bjorn"]
[Black "Petersen, Steen Brustrup"]
[Result "1-0"]
[WhiteElo "2395"]
[BlackElo "2150"]
[PlyCount "63"]
[EventDate "1996.10.12"]
[EventCountry "DEN"]
[SourceVersionDate "2022.08.28"]

1. e4 c5 2. Nf3 d6 3. d4 cxd4 4. Nxd4 Nf6 5. Nc3 g6 6. Be3 Bg7 7. f3 O-O 8. Qd2
Nc6 9. Bc4 Bd7 10. h4 Rc8 11. Bb3 Ne5 12. h5 Nxh5 13. g4 Nf6 14. Bh6 Bxh6 15.
Qxh6 Rxc3 16. bxc3 Qa5 17. O-O-O Qxc3 18. Kb1 Rc8 19. Nf5 Bxf5 20. exf5 Nc4 21.
Qc1 Qa5 22. fxg6 fxg6 23. Qe3 Kf8 24. Qe6 Qc5 25. g5 Nh5 26. Rd5 Qc6 27. Rxh5
gxh5 28. Rf5+ Ke8 29. Ba4 b5 30. Rf7 Na3+ 31. Kc1 Rc7 32. Rg7 1-0

[Event "Obro 60 aar"]
[Site "Kobenhavn"]
[Date "1996.10.12"]
[Round "1"]
[White "Rimestad, Arild"]
[Black "Johansen, Morten"]
[Result "0-1"]
[WhiteElo "2000"]
[BlackElo "2220"]
[PlyCount "108"]
[EventDate "1996.10.12"]
[EventCountry "DEN"]
[SourceVersionDate "2022.08.28"]

1. e4 d5 2. exd5 Qxd5 3. d4 e5 4. Nf3 exd4 5. Qxd4 Nf6 6. Bc4 Qxd4 7. Nxd4 Bc5
8. Nb3 Bd6 9. O-O O-O 10. Re1 Nc6 11. c3 Bf5 12. h3 Rfe8 13. Rxe8+ Rxe8 14. Be3
Ne5 15. N1d2 a6 16. Nc5 Bxc5 17. Bxc5 Nxc4 18. Nxc4 h5 19. Rd1 Be6 20. Ne5 Bxa2
21. Nd7 Ne4 22. Re1 Re6 23. Bd4 b6 24. Ra1 Bc4 25. Ne5 Bb5 26. c4 Be8 27. f4 c5
28. Bf2 a5 29. Be1 Nd6 30. b3 f6 31. Nf3 Re3 32. Rd1 Nf5 33. Rd8 Kf7 34. Rb8
Rxb3 35. Bxa5 b5 36. Rb7+ Kg6 37. Rb6 Kh7 38. cxb5 Rxb5 39. Rxb5 Bxb5 40. Bb6
c4 41. g4 hxg4 42. hxg4 Ne3 43. g5 Nd5 44. gxf6 gxf6 45. Bd4 Kg6 46. Nh4+ Kh5
47. Nf5 Kg4 48. Ne3+ Nxe3 49. Bxe3 Kf3 50. Bd4 f5 51. Be5 Ke2 52. Bd6 c3 53.
Bb4 Kd3 54. Kf2 c2 0-1

[Event "Obro 60 aar"]
[Site "Kobenhavn"]
[Date "1996.10.12"]
[Round "1"]
[White "Olesen, Martin"]
[Black "Jensen, Henrik W"]
[Result "1/2-1/2"]
[WhiteElo "2370"]
[BlackElo "2150"]
[PlyCount "158"]
[EventDate "1996.10.12"]
[EventCountry "DEN"]
[SourceVersionDate "2022.08.28"]

1. e4 e5 2. f4 exf4 3. Nf3 d5 4. exd5 Nf6 5. Bc4 Nxd5 6. O-O Be7 7. Nc3 Be6 8.
Nxd5 Bxd5 9. Bxd5 Qxd5 10. d4 O-O 11. Bxf4 Bd6 12. Bxd6 Qxd6 13. c4 Nc6 14. Qd3
Rad8 15. Rad1 Rd7 16. Qc3 Re7 17. d5 Ne5 18. c5 Nxf3+ 19. Rxf3 Qa6 20. d6 Rd7
21. Rfd3 Qxa2 22. Re1 Qa4 23. Re7 Qc6 24. Qe5 cxd6 25. cxd6 Qc1+ 26. Kf2 Qc2+
27. Ke3 Qc1+ 28. Ke2 Qc2+ 29. Rd2 Qc6 30. Kf2 g6 31. h4 Rxe7 32. dxe7 Re8 33.
Rd8 Qb6+ 34. Qe3 Qf6+ 35. Kg1 Rxd8 36. exd8=N Qxd8 37. Qxa7 Qd1+ 38. Kh2 Qd6+
39. Kg1 Qd1+ 40. Kh2 Qd5 41. Qe3 Qd6+ 42. g3 Qf6 43. Qd2 Kg7 44. Kg2 h6 45. Kh2
g5 46. hxg5 hxg5 47. Qg2 Qc6 48. Qd2 Qc5 49. Kg2 Qe5 50. Kh2 Kg6 51. Kg2 f5 52.
Qf2 Qe4+ 53. Kg1 Kh5 54. b4 Kg4 55. Kh2 f4 56. Qd2 fxg3+ 57. Kg1 Qb1+ 58. Kg2
Qe4+ 59. Kg1 Qf4 60. Qd7+ Qf5 61. Qd4+ Kf3 62. Qc3+ Ke2 63. Qb2+ Ke3 64. Qc1+
Kd4 65. Qb2+ Kc4 66. Qa2+ Kxb4 67. Qb2+ Kc4 68. Qa2+ Kd4 69. Qb2+ Ke3 70. Qc1+
Kf3 71. Qd1+ Kf4 72. Qd2+ Kg4 73. Qd4+ Qf4 74. Qd7+ Qf5 75. Qd4+ Kf3 76. Qd1+
Ke4 77. Qe2+ Kd4 78. Qb2+ Kc5 79. Qa3+ Kc6 1/2-1/2

[Event "Obro 60 aar"]
[Site "Kobenhavn"]
[Date "1996.10.12"]
[Round "1"]
[White "Pedersen, Thomas Vils"]
[Black "Clausen, Steen"]
[Result "0-1"]
[WhiteElo "2000"]
[BlackElo "2260"]
[PlyCount "82"]
[EventDate "1996.10.12"]
[EventCountry "DEN"]
[SourceVersionDate "2022.08.28"]

1. d4 Nf6 2. Nf3 c5 3. d5 b5 4. Bg5 d6 5. Bxf6 exf6 6. e4 a6 7. a4 b4 8. Nbd2
f5 9. exf5 Bxf5 10. Nc4 Be7 11. Ne3 Bg6 12. Nd2 O-O 13. Ndc4 Nd7 14. Bd3 Bf6
15. O-O Ne5 16. Bxg6 fxg6 17. Qd2 Ra7 18. c3 Rb7 19. a5 bxc3 20. bxc3 Rb3 21.
Rfc1 Nxc4 22. Nxc4 Bg5 23. Qc2 Rb7 24. Rab1 Rbf7 25. Rf1 Rf4 26. Ne3 Qxa5 27.
Qd3 Qd8 28. g3 Rf3 29. Qe4 Bxe3 30. fxe3 Rxf1+ 31. Rxf1 Rxf1+ 32. Kxf1 Qf6+ 33.
Ke2 h6 34. Qc4 Qf5 35. e4 Qh5+ 36. Ke3 Qxh2 37. Qxa6 Qxg3+ 38. Ke2 Qe5 39. Kd3
h5 40. Qc8+ Kh7 41. Qa6 h4 0-1

[Event "Obro 60 aar"]
[Site "Kobenhavn"]
[Date "1996.10.12"]
[Round "1"]
[White "Petersen, Nils"]
[Black "Aagaard, Jacob"]
[Result "0-1"]
[WhiteElo "2135"]
[BlackElo "2370"]
[PlyCount "102"]
[EventDate "1996.10.12"]
[EventCountry "DEN"]
[SourceVersionDate "2022.08.28"]

1. c4 Nf6 2. Nc3 g6 3. b4 Bg7 4. Bb2 O-O 5. d4 c6 6. e4 d6 7. Nf3 Bg4 8. Be2
Nfd7 9. a3 a5 10. b5 Nb6 11. Nd2 Bxe2 12. Nxe2 c5 13. Qc2 cxd4 14. Bxd4 Bxd4
15. Nxd4 N8d7 16. O-O Qc7 17. N4f3 Rfc8 18. Rac1 Qc5 19. Qb3 Ne5 20. Nxe5 Qxe5
21. Qc3 Qxc3 22. Rxc3 Rc5 23. Rfc1 Rac8 24. Kf1 e6 25. Ke2 d5 26. Nb3 Rxc4 27.
Rxc4 Rxc4 28. Rxc4 Nxc4 29. exd5 exd5 30. Kd3 b6 31. a4 Nb2+ 32. Kd4 Nxa4 33.
Kxd5 Kg7 34. Nd2 Kf6 35. Kd6 Kf5 36. Kd5 h6 37. Nc4 g5 38. Ne3+ Kf4 39. Kc6 h5
40. Nd5+ Ke4 41. Nxb6 Nxb6 42. Kxb6 a4 43. Kc6 a3 44. b6 a2 45. b7 a1=Q 46.
b8=Q Qf6+ 47. Kd7 Qxf2 48. Ke7 Qf4 49. Qxf4+ gxf4 50. Kxf7 h4 51. h3 f3 0-1

[Event "Obro 60 aar"]
[Site "Kobenhavn"]
[Date "1996.10.12"]
[Round "1"]
[White "Backlund, Anders"]
[Black "Nielsen, Poul Steen"]
[Result "1-0"]
[WhiteElo "2190"]
[BlackElo "2000"]
[PlyCount "69"]
[EventDate "1996.10.12"]
[EventCountry "DEN"]
[SourceVersionDate "2022.08.28"]

1. e4 d5 2. exd5 Nf6 3. c4 e6 4. dxe6 Bxe6 5. Nf3 Nc6 6. Be2 Bc5 7. O-O O-O 8.
b3 Re8 9. Bb2 Qe7 10. d4 Rad8 11. Bd3 Nb4 12. a3 Nxd3 13. Qxd3 Qd7 14. Nbd2 a6
15. Qc3 Bf8 16. Rfe1 Bg4 17. h3 Bh5 18. Rxe8 Rxe8 19. Re1 Rxe1+ 20. Nxe1 Qe6
21. Qe3 Qb6 22. f4 Bd1 23. Nef3 Qa5 24. b4 Qa4 25. d5 Qc2 26. Bxf6 gxf6 27. Nd4
Qc1 28. Kh2 Ba4 29. Ne2 Qb2 30. Qc3 Qa2 31. Ng3 Bd7 32. Nh5 Bg7 33. Nxg7 Kxg7
34. Ne4 Qe2 35. Nxf6 1-0

[Event "Obro 60 aar"]
[Site "Kobenhavn"]
[Date "1996.10.12"]
[Round "1"]
[White "Nolsoe, Eydun"]
[Black "Rodgaard, John"]
[Result "1/2-1/2"]
[WhiteElo "2160"]
[BlackElo "2375"]
[PlyCount "21"]
[EventDate "1996.10.12"]
[EventCountry "DEN"]
[SourceVersionDate "2022.08.28"]

1. e4 e6 2. d4 d5 3. exd5 exd5 4. Bd3 Nc6 5. c3 Bd6 6. Ne2 Qh4 7. g3 Qh3 8. Nf4
Bxf4 9. Bxf4 Qg2 10. Qe2+ Nge7 11. Qf1 1/2-1/2

[Event "Obro 60 aar"]
[Site "Kobenhavn"]
[Date "1996.10.13"]
[Round "2"]
[White "Larsen, Pelle O"]
[Black "Pallesen, Jacob"]
[Result "1-0"]
[WhiteElo "2000"]
[BlackElo "2000"]
[PlyCount "105"]
[EventDate "1996.10.12"]
[EventCountry "DEN"]
[SourceVersionDate "2022.08.28"]

1. e4 c5 2. Nf3 e6 3. d4 cxd4 4. Nxd4 Nf6 5. Nc3 Bb4 6.
e5 Nd5 7. Bd2 Nxc3 8. bxc3 Be7 9. Qg4 O-O 10. Bh6 g6 11. h4 Qa5 12. Qg3 d6 13.
exd6 Bf6 14. Bd2 Bd7 15. Bd3 Qe5+ 16. Qxe5 Bxe5 17. Rb1 Bxd4 18. cxd4 Bc6 19.
O-O Nd7 20. c4 b6 21. Rfe1 Rac8 22. Rbc1 Bb7 23. Bb4 Ba6 24. Bf1 Rfd8 25. c5
Bxf1 26. Kxf1 Rc6 27. Rc2 Nf6 28. Rec1 Nd5 29. Bd2 Kf8 30. Bg5 f6 31. Bh6+ Ke8
32. a3 Rdc8 33. Ke2 e5 34. Kd3 Kd7 35. g3 f5 36. dxe5 bxc5 37. Be3 Nxe3 38.
Kxe3 Re8 39. f4 Rxd6 40. Rxc5 Ra6 41. R1c3 Re7 42. Rc7+ Ke8 43. Rxe7+ Kxe7 44.
Kd4 Kd7 45. Kd5 Ra5+ 46. Rc5 Rxa3 47. e6+ Kd8 48. Ke5 Rb3 49. Rd5+ Ke8 50. Rd7
a5 51. Kf6 a4 52. Rxh7 Kd8 53. Ra7 1-0

[Event "Obro 60 aar"]
[Site "Kobenhavn"]
[Date "1996.10.13"]
[Round "2"]
[White "Nilsson, Lars Kjoller"]
[Black "Kirkegaard, Niels"]
[Result "0-1"]
[WhiteElo "2200"]
[BlackElo "2000"]
[PlyCount "30"]
[EventDate "1996.10.12"]
[EventCountry "DEN"]
[SourceVersionDate "2022.08.28"]

1. e4 e6 2. d4 d5 3. e5 c5 4. c3 Nc6 5. Nf3 Qb6 6. a3 Nh6 7. b4 cxd4 8. Bxh6
gxh6 9. cxd4 Bd7 10. Nc3 Nxb4 11. axb4 Bxb4 12. Qb3 Rc8 13. Rc1 Qa5 14. Kd2 O-O
15. Be2 Rc7 0-1